Aktuální otázky aplikace nákupního marketingu v praxi našich podniků
Princípy, metódy a techniky v oblasti nákupu podnikov. Vývojové etapy nákupu. Rozširovanie nákupného rozhodovacieho priestoru (eliminácie dodávateľského monopolu, likvidácia monopolu zahraničného obchodu atď.). Charakteristika problémov, ktoré sa objavujú pri transformácii MTZ na nákupný marketing.
Na minha lista:
| Autor principal: | |
|---|---|
| Formato: | Capítulo de Livro |
| Idioma: | tcheco |
| Assuntos: | |
| Tags: |
Sem tags, seja o primeiro a adicionar uma tag!
|
MARC
| LEADER | 00000naa a2200000 4500 | ||
|---|---|---|---|
| 001 | r020461 | ||
| 005 | 20221205102428.7 | ||
| 041 | 0 | |a cze | |
| 044 | |a CZ | ||
| 245 | 1 | 0 | |a Aktuální otázky aplikace nákupního marketingu v praxi našich podniků |c Jan Tomek |
| 520 | |a Princípy, metódy a techniky v oblasti nákupu podnikov. Vývojové etapy nákupu. Rozširovanie nákupného rozhodovacieho priestoru (eliminácie dodávateľského monopolu, likvidácia monopolu zahraničného obchodu atď.). Charakteristika problémov, ktoré sa objavujú pri transformácii MTZ na nákupný marketing. | ||
| 610 | 2 | 0 | |a marketing nákupný |
| 610 | 2 | 0 | |a nákup |
| 610 | 2 | 0 | |a podnik |
| 610 | 2 | 0 | |a zásobovanie materiálno-technické |
| 610 | 2 | 0 | |a transformácia |
| 610 | 2 | 0 | |a stratégia marketingová |
| 100 | 1 | |a Tomek, Jan | |